Vitrina pintoresca : (Record n. 9063)

Dettagli MARC
000 -LEADER
fixed length control field 00866cam a2200241 i 4500
003 - CONTROL NUMBER IDENTIFIER
control field IT-RoINE
005 - DATE AND TIME OF LATEST TRANSACTION
control field 20191206053955.0
008 - FIXED-LENGTH DATA ELEMENTS--GENERAL INFORMATION
fixed length control field 100525s2010 sp |r|||| 001 | spa d
020 ## - INTERNATIONAL STANDARD BOOK NUMBER
International Standard Book Number 9788493589448
040 ## - CATALOGING SOURCE
Original cataloging agency SpMaBN
Transcribing agency IT-RoINE
100 1# - MAIN ENTRY--PERSONAL NAME
9 (RLIN) 7167
Personal name Baroja, Pío,
Dates associated with a name 1872-1956
245 10 - TITLE STATEMENT
Title Vitrina pintoresca :
Remainder of title la España de la Segunda República /
Statement of responsibility, etc Pío Baroja ; edición e índice alfabético de Jesús Alfonso Blázquez González.
260 ## - PUBLICATION, DISTRIBUTION, ETC. (IMPRINT)
Place of publication, distribution, etc Alcobendas, Madrid :
Name of publisher, distributor, etc Ediciones 68,
Date of publication, distribution, etc 2010.
300 ## - PHYSICAL DESCRIPTION
Extent 350 p. ;
Dimensions 21 cm.
336 ## - CONTENT TYPE
Source rdacontent
Content type term text
337 ## - MEDIA TYPE
Source rdamedia
Media type term unmediated
338 ## - CARRIER TYPE
Source rdacarrier
Carrier type term volume
500 ## - GENERAL NOTE
General note Incluye índice.
630 ## - SUBJECT ADDED ENTRY--UNIFORM TITLE
9 (RLIN) 18755
Uniform title Ahora (Publicación periódica)
651 #0 - SUBJECT ADDED ENTRY--GEOGRAPHIC NAME
Geographic name España
General subdivision Historia
Chronological subdivision 1931-1939 (II República)
9 (RLIN) 6313
700 1# - ADDED ENTRY--PERSONAL NAME
Personal name Blázquez González, Jesús Alfonso,
Dates associated with a name 1962-
9 (RLIN) 7495
942 ## - ADDED ENTRY ELEMENTS (KOHA)
Item type Monografías
Dati di copia
Withdrawn status Lost status Damaged status Not for loan Home library Current library Date acquired Total Checkouts Full call number Barcode Date last seen Price effective from Koha item type
        Iglesia Nacional Española en Roma Iglesia Nacional Española en Roma 29/04/2015   HIS.ESP.4. 917 12672 29/04/2015 29/04/2015 Monografías